Основы колхозного счетоводства по простой системе. Ч. 1 (Запись № 13600509)

Подробности
000 -МАРКЕР
контрольное поле 01213nam2a2200229 4500
001 - ИДЕНТИФИКАТОР ЗАПИСИ
контрольное поле rc\2943862
005 - ИДЕНТИФИКАТОР ВЕРСИИ
контрольное поле 20260315055940.0
035 ## - ДРУГИЕ СИСТЕМНЫЕ НОМЕРА
Идентификатор записи (NLR Aleph) 007092314
100 ## - ДАННЫЕ ОБЩЕЙ ОБРАБОТКИ
Данные общей обработки 20110826d1943 u y0rusy50 ca
101 0# - ЯЗЫК РЕСУРСА
Язык текста, звукозаписи и т.д. русский
102 ## - СТРАНА ПУБЛИКАЦИИ ИЛИ ПРОИЗВОДСТВА
Страна публикации Российская Федерация
105 ## - ПОЛЕ КОДИРОВАННЫХ ДАННЫХ: ТЕКСТОВЫЕ МАТЕРИАЛЫ, МОНОГРАФИЧЕСКИЕ
Кодированные данные о монографическом текстовом документе y z |||||
200 0# - ЗАГЛАВИЕ И СВЕДЕНИЯ ОБ ОТВЕТСТВЕННОСТИ
Основное заглавие Ч. 1
210 ## - ПУБЛИКАЦИЯ, РАСПРОСТРАНЕНИЕ И ДР.
Дата издания, распространения и т.д. 1943
215 ## - ФИЗИЧЕСКАЯ ХАРАКТЕРИСТИКА
Специфическое обозначение материала и объем 136 с.
461 #0 - УРОВЕНЬ НАБОРА
Встроенное поле 001rc\2943861
-- 2000#$aОсновы колхозного счетоводства по простой системе$eУчеб. пособие для заоч. обуч. колх. счетоводству$eЧ. 1-$fА. Грибов, Г. Жуйков, Б. Лавров и др.$gПод ред. В.А. Чувакова$gНаркомзем СССР. Всесоюз. заоч. учет. курсы "ВЗУК"$vЧ. 1
Системный номер (АБИС) связанной записи 6586704
Место публикации Москва
Дата публикации 1943
Первые сведения об ответственности А. Грибов, Г. Жуйков, Б. Лавров и др.
Имя издателя, распространителя и т.д. Б. и.
Сведения, относящиеся к заглавию Учеб. пособие для заоч. обуч. колх. счетоводству : Ч. 1-
Заглавие Основы колхозного счетоводства по простой системе
Номер тома Ч. 1
801 #0 - ИСТОЧНИК ЗАПИСИ
Страна Российская Федерация
Организация NLR
Правила каталогизации psbo
801 #1 - ИСТОЧНИК ЗАПИСИ
Страна Российская Федерация
Организация ELAR
Источник данных rusmarc
852 ## - МЕСТОНАХОЖДЕНИЕ И ШИФР ХРАНЕНИЯ
Идентификатор организации NLR
Шифр хранения (Call Number) Эк 90 Г-4/176
942 ## - ДОПОЛНИТЕЛЬНЫЕ ЭЛЕМЕНТЫ ЗАПИСИ (АБИС)
Тип экземпляра АБИС Неопределено
980 ## - КОЛЛЕКЦИЯ
Название коллекции Национальная библиография

Нет доступных экземпляров.